Lichens of the Alaskan arctic slope /

Bibliographic Details
Main Author: Thomson, John Walter, 1913-
Format: Book
Language:English
Published: Toronto ; Buffalo : University of Toronto Press, [1979]
Subjects:

MARC

Tag First Indicator Second Indicator Subfields
LEADER 00000pam a2200000 i 4500
001 in00000666821
005 20151015090154.0
008 790102s1979 onca b 00110 eng
010 |a  78031899  
020 |a 0802054285 
035 |a (OCoLC)04593628 
035 |9 ACY4020AM 
040 |a DLC  |c DLC  |d TXA  |d UtOrBLW 
043 |a n-us-ak 
049 |a TXAM  |c [1385454] 
050 0 0 |a QK587.5.A4  |b T47 
082 0 |a 589/.1/097987 
100 1 |a Thomson, John Walter,  |d 1913- 
245 1 0 |a Lichens of the Alaskan arctic slope /  |c John W. Thomson. 
264 1 |a Toronto ;  |a Buffalo :  |b University of Toronto Press,  |c [1979] 
264 4 |c ©1979 
300 |a ix, 314 pages :  |b illustrations ;  |c 24 cm. 
336 |a text  |b txt  |2 rdacontent 
337 |a unmediated  |b n  |2 rdamedia 
338 |a volume  |b nc  |2 rdacarrier 
500 |a Includes index. 
504 |a Bibliography: pages [301]-304. 
650 0 |a Lichens  |z Alaska  |z North Slope  |x Identification. 
999 |a MARS 
999 f f |s 57633b22-2836-3e0b-8e0c-fc619cb0c2e8  |i a54bca80-54ef-3240-bb2a-57becbe9d9c7  |t 0 
952 f f |p ric  |a Texas A&M University  |b Rellis Campus  |c Joint Library Facility  |d Remote Storage  |t 0  |e QK587.5.A4 T47  |h Library of Congress classification  |i unmediated -- volume  |m A14804893826 
998 f f |a QK587.5.A4 T47  |t 0  |l Remote Storage